[Event "Top 12 Feminin Groupe A"]
[Site "Vandoeuvre les Nancy, France"]
[Date "2019.05.02"]
[Round "1.1"]
[White "Gaponenko, Inna"]
[Black "Rapport, Jovana"]
[Result "1-0"]
[WhiteElo "2445"]
[BlackElo "2362"]
[PlyCount "101"]
[EventDate "2019.05.02"]
[WhiteTeam "Asnieres-sur-Seine"]
[BlackTeam "Montpellier"]

1. e4 {3} c6 {18} 2. d4 {252} d5 {23} 3. e5 {8} Bf5 {16} 4. Nf3 {19} e6 {40} 5.
Be2 {5} c5 {56} 6. Be3 {900} Qb6 {27} 7. Nc3 {126} c4 {150} 8. Qd2 {1763} Bb4 {
1287} 9. O-O {451} h6 {1164} 10. Na4 {650} Bxd2 {224} 11. Nxb6 {79} axb6 {1}
12. Nxd2 {61} Bxc2 {40} 13. Rfc1 {323} Bg6 {434} 14. b3 {16} cxb3 {346} 15.
Bb5+ {601} Kd8 {112} 16. Nxb3 {2} Ne7 {53} 17. a4 {2} Nbc6 {660} 18. Bd2 {4}
Ra7 {236} 19. a5 {43} Kc7 20. Bb4 {532} Kd8 21. a6 {415} bxa6 {4} 22. Bxc6 {130
} Bd3 {103} 23. Nd2 {167} Nf5 24. Bc3 {1} Ne7 {283} 25. Ba4 {20} b5 26. Ba5+ {
370} Ke8 27. Bc2 {48} Bc4 {62} 28. Bb6 {5} Ra8 29. Bc5 {58} Kd7 {101} 30. Nb3 {
32} Nc6 {11} 31. Na5 {25} Rhc8 {53} 32. f4 {23} Ne7 {13} 33. Bxe7 {52} Kxe7 {2}
34. Nb7 {4} Rcb8 {36} 35. Nc5 {43} a5 {1} 36. Bd3 {26} h5 {72} 37. Kf2 {31} g6
{56} 38. Ke3 {6} a4 {15} 39. Rcb1 {34} a3 {17} 40. Rb4 {72} Ra5 {2} 41. Bxc4 {
20} dxc4 {1} 42. Ne4 {8} Ra4 {30} 43. Rxa4 {28} bxa4 {1} 44. Rxa3 {19} Rb3+ {4}
45. Rxb3 {4} cxb3 46. Kd3 {98} a3 {31} 47. Nd2 {34} b2 {8} 48. Kc2 {4} Kd7 {14}
49. Nc4 {12} Kc6 {2} 50. Nxa3 {5} Kd5 {2} 51. Kd3 {40} 1-0

[Event "Top 12 Feminin Groupe A"]
[Site "Vandoeuvre les Nancy, France"]
[Date "2019.05.02"]
[Round "1.2"]
[White "Safranska, Anda"]
[Black "Skripchenko, Almira"]
[Result "0-1"]
[WhiteElo "2188"]
[BlackElo "2406"]
[PlyCount "160"]
[EventDate "2019.05.02"]
[WhiteTeam "Montpellier"]
[BlackTeam "Asnieres-sur-Seine"]

1. Nf3 {1} c5 {47} 2. g3 {10} Nc6 {11} 3. Bg2 {5} g6 {139} 4. e4 {32} Bg7 {95}
5. O-O {7} e5 {98} 6. d3 {28} Nge7 {19} 7. c3 {18} O-O {85} 8. a3 {7} d6 {126}
9. b4 {12} h6 {90} 10. Nbd2 {10} Be6 {113} 11. Re1 {57} b6 {519} 12. Nb3 {52}
Qd7 {340} 13. Bb2 {703} Rac8 {572} 14. Rb1 {350} f5 {296} 15. exf5 {11} gxf5 {
608} 16. b5 {853} Nd8 {77} 17. c4 {20} Nf7 {109} 18. Nbd2 {20} Ng6 {299} 19. h4
{1697} Rfd8 20. Qe2 {465} Re8 21. Qd1 Rcd8 22. Qc2 Qc7 23. Nf1 Qd7 24. a4 h5
25. Ne3 Ne7 26. Nf1 Rf8 27. Rbd1 Ng6 28. Ne3 f4 29. Nd5 Bg4 30. Rb1 Ne7 31.
Nxe7+ Qxe7 32. Nd2 Nh6 33. Bd5+ Kh8 34. Ne4 Nf5 35. Ng5 Nd4 36. Bxd4 cxd4 37.
Kg2 Bh6 38. Nf3 Qg7 39. Nh2 fxg3 40. fxg3 Bf4 41. Nf1 Rf6 42. Kh1 Bh6 43. Qg2
Rdf8 44. Rb2 Qd7 45. Qg1 Qf5 46. Nh2 Qxd3 47. Nxg4 hxg4 48. Qg2 Rf1+ 49. Rxf1
Rxf1+ 50. Kh2 Be3 51. Be4 Qd1 52. Bc2 Qa1 53. Bd3 Bg1+ 54. Kh1 Re1 55. Re2 Rxe2
56. Bxe2 Be3+ 57. Kh2 Qxa4 58. Bxg4 Qxc4 59. Qc6 Qf7 60. Qc8+ Kg7 61. Bf5 d5
62. g4 e4 63. g5 d3 64. g6 Qe7 65. Kg3 d2 66. Bg4 Bc5 67. Qf5 Qd6+ 68. Kg2 Qxg6
69. Qxg6+ Kxg6 70. Kf1 Be3 71. Ke2 Bh6 72. Kd1 Kf6 73. Kc2 Ke5 74. Kc3 d4+ 75.
Kc4 Kf4 76. Bd1 Ke3 77. Bg4 Bg7 78. h5 Kf2 79. h6 Bxh6 80. Kxd4 Ke1 0-1

[Event "Top 12 Feminin Groupe A"]
[Site "Vandoeuvre les Nancy, France"]
[Date "2019.05.02"]
[Round "1.9"]
[White "Le Du, Anaelle"]
[Black "Bulmaga, Irina"]
[Result "0-1"]
[WhiteElo "1728"]
[BlackElo "2429"]
[PlyCount "78"]
[EventDate "2019.05.02"]
[WhiteTeam "Saint Brieuc"]
[BlackTeam "Cannes"]

1. c4 {4} e5 {8} 2. g3 {5} Nf6 {11} 3. Bg2 {19} Nc6 {13} 4. Nc3 {14} Bc5 {21}
5. Nf3 {48} d6 {55} 6. d3 {75} h6 {39} 7. O-O {133} O-O {8} 8. a3 {18} a5 {16}
9. Rb1 {139} Bf5 {245} 10. Bd2 {815} Re8 {413} 11. Qe1 {1033} e4 {711} 12. dxe4
{295} Nxe4 {24} 13. Nxe4 {26} Bxe4 {17} 14. Rc1 {152} Bd3 {298} 15. Be3 {303}
Rxe3 {158} 16. Qd2 {839} Rxe2 {279} 17. Qxd3 {128} Re8 {212} 18. Rb1 {453} Qf6
{84} 19. Qb3 {360} Bb6 {60} 20. Qc2 {193} a4 {304} 21. Rbe1 {245} Bc5 {114} 22.
Rxe8+ {370} Rxe8 {5} 23. Rb1 {176} g5 {151} 24. h3 {82} Kg7 {24} 25. Kf1 {100}
Qg6 {408} 26. Qd1 {91} Na5 {62} 27. Nd2 {64} Qd3+ {22} 28. Kg1 {12} Qxg3 {86}
29. Qf1 {54} Qf4 {91} 30. Ne4 {53} Rxe4 {19} 31. Bxe4 {3} Qxe4 {5} 32. Rc1 {53}
Nb3 {20} 33. Rc3 {41} Nd2 {57} 34. Qd1 {10} Nxc4 {54} 35. Qc1 {40} Ne5 {29} 36.
Qd1 {17} Qf4 {25} 37. Qe2 {25} c6 {59} 38. Kg2 {55} Bd4 {14} 39. Rg3 {34} Ng6 {
36} 0-1

[Event "Top 12 Feminin Groupe A"]
[Site "Vandoeuvre les Nancy, France"]
[Date "2019.05.03"]
[Round "2.1"]
[White "Rapport, Jovana"]
[Black "Bulmaga, Irina"]
[Result "0-1"]
[WhiteElo "2362"]
[BlackElo "2429"]
[PlyCount "108"]
[EventDate "2019.05.03"]
[WhiteTeam "Montpellier"]
[BlackTeam "Cannes"]

1. d4 {11} Nf6 {8} 2. Nf3 {5} e6 {7} 3. Bf4 {7} b6 {15} 4. e3 {19} Bb7 {7} 5.
c4 {29} Bb4+ {54} 6. Nfd2 {9} O-O {116} 7. a3 {12} Be7 {836} 8. Nc3 {21} d6 {53
} 9. Qc2 {470} Nbd7 {253} 10. Be2 {45} c5 {529} 11. d5 {798} exd5 {175} 12.
cxd5 {1240} Nxd5 {88} 13. Bf3 {6} Nxf4 {256} 14. Bxb7 {21} Rb8 {30} 15. Be4 {54
} Ng6 {34} 16. Qa4 {497} Nf6 {236} 17. Nd5 {1169} Nxd5 {340} 18. Bxd5 {2} Bf6 {
20} 19. Rd1 {367} Bxb2 {288} 20. Qxa7 {36} b5 {788} 21. Ne4 {63} Ne7 {473} 22.
O-O {316} Nxd5 {136} 23. Rxd5 {2} Qb6 {216} 24. Qxb6 {150} Rxb6 {3} 25. Rxd6 {5
} Rxd6 {50} 26. Nxd6 {2} c4 {142} 27. Nxb5 {12} c3 {28} 28. Nd4 {8} Rc8 {264}
29. Nc2 {25} Rd8 {7} 30. f3 {14} Kf8 {100} 31. g4 {97} Ke7 {49} 32. Kg2 {129}
Rd2+ {136} 33. Rf2 {1} Kd6 {42} 34. Kf1 {128} Rd5 {250} 35. Nd4 {145} Kc5 {61}
36. Rc2 {46} Kc4 {48} 37. Ke2 {1} Ra5 38. f4 Rxa3 39. Kf3 {353} Kd3 {59} 40.
Rf2 {1} Ra1 {87} 41. Nc6 f6 42. Nb4+ Kc4 43. Nc2 Rd1 44. Ke4 Rd2 45. Kf3 Rxf2+
46. Kxf2 {390} Kd3 47. Nb4+ {27} Kd2 {21} 48. e4 {31} c2 {85} 49. Nxc2 {2} Kxc2
{5} 50. Ke3 {15} Bc1+ {19} 51. Kf3 {1} Kd3 {61} 52. h4 {59} h6 {40} 53. e5 fxe5
54. fxe5 g5 0-1

[Event "Top 12 Feminin Groupe A"]
[Site "Vandoeuvre les Nancy, France"]
[Date "2019.05.03"]
[Round "2.5"]
[White "Atalik, Ekaterina"]
[Black "Le Du, Anaelle"]
[Result "1-0"]
[WhiteElo "2458"]
[BlackElo "1728"]
[PlyCount "71"]
[EventDate "2019.05.03"]
[WhiteTeam "Juvisy-sur-Orge"]
[BlackTeam "Saint-Brieuc"]

1. d4 {23} Nf6 {14} 2. c4 {29} g6 {16} 3. Nc3 {9} Bg7 {7} 4. e4 {21} d6 {9} 5.
Nge2 {60} Nc6 {384} 6. f3 {131} e5 {213} 7. d5 {41} Ne7 {14} 8. Be3 {86} O-O {
32} 9. Qd2 {69} c6 {522} 10. g4 {215} a6 {1101} 11. Ng3 {180} b5 {610} 12. g5 {
139} Ne8 {86} 13. dxc6 {49} bxc4 {176} 14. Bxc4 {136} Nxc6 {244} 15. O-O {91}
Rb8 {710} 16. Rad1 {133} Nc7 {419} 17. b3 {296} Nd4 {60} 18. f4 {484} Bg4 {154}
19. f5 {229} Bxd1 {197} 20. Qxd1 {47} gxf5 {222} 21. Nxf5 {146} Nce6 {58} 22.
Nd5 {117} Rb7 {507} 23. Qh5 {114} Kh8 {122} 24. Nxg7 {329} Nxg7 {8} 25. Qh6 {47
} f5 {65} 26. Bxd4 {166} Ne6 {145} 27. Be3 {361} f4 {116} 28. Qxe6 {47} fxe3 {9
} 29. Rxf8+ {65} Qxf8 {2} 30. Nxe3 {14} Rg7 {30} 31. h4 {46} Rg6 {68} 32. Qf5 {
24} Qd8 {36} 33. Ng4 {46} Qb6+ {25} 34. Kg2 {21} Qd8 {40} 35. Nh6 {52} Qe7 {40}
36. Qc8+ {12} 1-0

[Event "Top 12 Feminin Groupe A"]
[Site "Vandoeuvre les Nancy, France"]
[Date "2019.05.03"]
[Round "2.10"]
[White "Cornette, Deimante"]
[Black "Gaponenko, Inna"]
[Result "1/2-1/2"]
[WhiteElo "2433"]
[BlackElo "2445"]
[PlyCount "35"]
[EventDate "2019.05.03"]
[WhiteTeam "Monaco"]
[BlackTeam "Asnieres-sur-Seine"]

1. e4 {3} c5 {7} 2. Nc3 {11} Nc6 {288} 3. Bb5 {18} Nd4 {10} 4. Bc4 {62} g6 {318
} 5. Nf3 {166} Bg7 {10} 6. Nxd4 {56} cxd4 {6} 7. Qf3 {12} Nf6 {871} 8. e5 {1145
} dxc3 {377} 9. dxc3 {45} Qb6 {46} 10. exf6 {155} Qxf6 {20} 11. Qxf6 {435} Bxf6
{8} 12. Be3 {18} b6 {312} 13. Bd5 {119} Rb8 {11} 14. O-O-O {208} Bb7 {31} 15.
Rhe1 {165} Bxd5 {35} 16. Rxd5 {6} d6 {1320} 17. Bd4 {123} Bxd4 {13} 18. Rxd4 {5
} 1/2-1/2

[Event "Top 12 Feminin Groupe A"]
[Site "Vandoeuvre les Nancy, France"]
[Date "2019.05.03"]
[Round "2.12"]
[White "Dornbusch, Tatiana"]
[Black "Flear, Christine"]
[Result "1-0"]
[WhiteElo "2285"]
[BlackElo "2037"]
[PlyCount "53"]
[EventDate "2019.05.03"]
[WhiteTeam "Monaco"]
[BlackTeam "Asnieres-sur-Seine"]

1. d4 {10} Nf6 {12} 2. Nf3 {49} b6 {23} 3. g3 {136} Bb7 {36} 4. Bg2 {4} g6 {92}
5. c4 {197} Bg7 {88} 6. O-O {116} O-O {8} 7. Nc3 {97} Ne4 {105} 8. Bd2 {96}
Nxd2 {79} 9. Qxd2 {17} c5 {48} 10. d5 {529} d6 {45} 11. h4 {944} h5 {673} 12.
Ng5 {189} Nd7 {239} 13. f4 {247} Nf6 {504} 14. f5 {386} Bc8 {2347} 15. fxg6 {
259} fxg6 {9} 16. Ne6 {241} Bxe6 {20} 17. dxe6 {3} Ng4 {466} 18. Nd5 {835} Bd4+
{372} 19. e3 {46} Be5 {335} 20. Qc2 {191} Kg7 {96} 21. Rxf8 {36} Qxf8 {33} 22.
Rf1 {4} Nf6 {25} 23. Be4 {278} Rb8 {87} 24. Bxg6 {41} Kh6 {137} 25. Qf5 {167}
Rb7 {243} 26. Nxf6 {105} Bxf6 {12} 27. Qxh5+ {4} 1-0

[Event "Top 12 Feminin Groupe A"]
[Site "Vandoeuvre les Nancy, France"]
[Date "2019.05.03"]
[Round "3.1"]
[White "Cramling, Pia"]
[Black "Rapport, Jovana"]
[Result "1/2-1/2"]
[WhiteElo "2454"]
[BlackElo "2362"]
[PlyCount "85"]
[EventDate "2019.05.02"]
[WhiteTeam "Monaco"]
[BlackTeam "Montpellier"]

1. Nf3 {7} Nf6 {17} 2. c4 {19} e6 {9} 3. Nc3 {120} Bb4 {62} 4. Qc2 {57} d6 {143
} 5. a3 {313} Bxc3 {61} 6. Qxc3 {6} e5 {39} 7. b4 {189} e4 {291} 8. Nd4 {10}
O-O {118} 9. Bb2 {57} c5 {541} 10. Nc2 {326} Nc6 {185} 11. f3 {575} Re8 {378}
12. b5 {390} Ne5 {236} 13. f4 {63} Ng6 {91} 14. g3 {200} Ne7 {321} 15. Ne3 {230
} a6 {212} 16. a4 {142} axb5 {6} 17. axb5 {6} Rxa1+ {56} 18. Bxa1 {2} d5 {510}
19. cxd5 {166} b6 {37} 20. Bg2 {878} Nexd5 {36} 21. Nxd5 {50} Qxd5 {8} 22. d3 {
631} Bf5 {71} 23. O-O {38} h5 {387} 24. Rc1 {719} Qe6 {77} 25. d4 {77} Rc8 {9}
26. e3 {400} Qe8 {247} 27. dxc5 {222} Rxc5 {3} 28. Qd2 {22} Rxc1+ {653} 29.
Qxc1 {2} Qxb5 {5} 30. Bd4 {36} Qb3 {202} 31. Bf1 {67} Be6 {78} 32. Be2 {234}
Qa2 {54} 33. Qb2 {37} Qxb2 {67} 34. Bxb2 {2} Nd5 {8} 35. Bd4 {10} g6 {21} 36.
Bc4 {118} Nxf4 {502} 37. gxf4 {19} Bxc4 {26} 38. Bxb6 {5} h4 {78} 39. Bd8 {33}
h3 {2} 40. Bf6 {40} Kf8 {6} 41. Kf2 {13} Ke8 {5} 42. Kg3 {9} Bf1 {4} 43. f5 {76
} 1/2-1/2

[Event "Top 12 Feminin Groupe A"]
[Site "Vandoeuvre les Nancy, France"]
[Date "2019.05.03"]
[Round "3.2"]
[White "Safranska, Anda"]
[Black "Cornette, Deimante"]
[Result "0-1"]
[WhiteElo "2188"]
[BlackElo "2433"]
[PlyCount "94"]
[EventDate "2019.05.02"]
[WhiteTeam "Montpellier"]
[BlackTeam "Monaco"]

1. Nf3 {40} d5 {15} 2. g3 {5} Nf6 {16} 3. Bg2 {52} c5 {22} 4. d3 {19} Nc6 {27}
5. O-O {10} e6 {25} 6. Nbd2 {171} g6 {51} 7. e4 {131} Bg7 {20} 8. Re1 {73} O-O
{22} 9. c3 {186} a5 {29} 10. a4 {356} b6 {21} 11. exd5 {79} exd5 {60} 12. Nb3 {
72} Bf5 {388} 13. d4 {176} c4 {253} 14. Nbd2 {5} Rc8 {421} 15. Nf1 {10} Bd3 {
187} 16. Be3 {533} Ne4 {285} 17. N3d2 {32} f5 {140} 18. f3 {95} Nd6 {149} 19.
Nb1 {205} f4 {1599} 20. Bxf4 {107} Rxf4 {16} 21. gxf4 {5} Qh4 {341} 22. Re3 {
1841} Re8 {825} 23. Rxe8+ {401} Nxe8 {6} 24. Nbd2 {9} Nxd4 {347} 25. Qe1 {228}
Ne2+ {51} 26. Kh1 {6} Qxe1 {386} 27. Rxe1 {4} Kf7 {31} 28. Ng3 {30} Nxf4 {18}
29. Bf1 {396} Nd6 {135} 30. Bxd3 {274} Nxd3 {13} 31. Rb1 {4} Nb7 {267} 32. Ne2
{220} Nbc5 {33} 33. b3 {218} Bh6 {117} 34. f4 {8} cxb3 {40} 35. Nxb3 {52} Nxa4
{9} 36. Nbd4 {41} Nab2 {44} 37. Kg2 {32} a4 {24} 38. Kf3 {12} Nc4 {61} 39. Ra1
{122} a3 {16} 40. Nb5 {86} Bf8 {16} 41. Ned4 {59} Bc5 {28} 42. Nc7 {126} Bxd4 {
50} 43. cxd4 {11} Nb4 {10} 44. Nb5 {16} a2 {39} 45. Ke2 {28} Na5 {46} 46. Nc3 {
132} Nb3 {17} 47. Nxa2 {28} Nxa2 {83} 0-1

[Event "Top 12 Feminin Groupe A"]
[Site "Vandoeuvre les Nancy, France"]
[Date "2019.05.03"]
[Round "3.5"]
[White "Le Du, Anaelle"]
[Black "Gaponenko, Inna"]
[Result "0-1"]
[WhiteElo "1728"]
[BlackElo "2445"]
[PlyCount "74"]
[EventDate "2019.05.02"]
[WhiteTeam "Saint-Brieuc"]
[BlackTeam "Asnieres-sur-Seine"]

1. c4 {4} g6 {6} 2. g3 {5} Bg7 {7} 3. Bg2 {5} c5 {6} 4. Nc3 {17} Nc6 {5} 5. Nf3
{93} e6 {61} 6. d3 {64} Nge7 {10} 7. O-O {64} O-O {36} 8. Rb1 {702} b6 {602} 9.
a3 {279} Bb7 {139} 10. Bd2 {42} d6 {40} 11. b4 {65} Qd7 {23} 12. Qc1 {141} Nd4
{923} 13. Nxd4 {356} cxd4 {17} 14. Bxb7 {158} dxc3 {97} 15. Bxa8 {50} cxd2 {5}
16. Qxd2 {10} Rxa8 {6} 17. Rfc1 {205} Nc6 {546} 18. Qd1 {1481} Rc8 {844} 19. e3
{744} Ne5 {413} 20. f4 {183} Nc6 {5} 21. Qf3 {143} Ne7 {700} 22. g4 {513} e5 {
296} 23. Rf1 {147} exf4 {93} 24. Qxf4 {41} Nc6 {128} 25. d4 {368} Re8 {37} 26.
Rbc1 Nd8 {253} 27. h3 Ne6 {217} 28. Qg3 Ng5 {108} 29. h4 Ne4 {146} 30. Qf4 Nf6
{339} 31. g5 Re4 {102} 32. Qf3 Rg4+ {53} 33. Kf2 Ne4+ {71} 34. Ke2 Ng3+ {220}
35. Kd2 Nxf1+ {31} 36. Rxf1 Rxh4 {47} 37. Rf2 h6 {302} 0-1